LEADER 01235nam2-2200397---450- 001 990001486100203316 005 20050527143442.0 035 $a000148610 035 $aUSA01000148610 035 $a(ALEPH)000148610USA01 035 $a000148610 100 $a20040308d1969----km-y0itay0103----ba 101 $afre 102 $aFR 105 $a|||-||||001yy 200 1 $a<<5.>> : <> partie historique de la philosophie sociale$fAuguste Comte 205 $aRist. anast. 210 $aParis$cAnthropos$d1969 215 $aIV, 624 p.$d22 cm 300 $aRipr. facs. della 5. ed. identica alla 1.: Paris: au siége de la Société positiviste, 1894 410 0$12001 454 1$12001 461 1$1001000148596$12001$aCours de philosophie positive 606 0 $aPositivismo 676 $a146.4 700 1$aCOMTE,$bAuguste$045863 801 0$aIT$bsalbc$gISBD 912 $a990001486100203316 951 $aII.1.D. 1023/5 (IV A 790/5)$b35695 L.M.$cIV A 959 $aBK 969 $aUMA 979 $aSIAV4$b10$c20040308$lUSA01$h1812 979 $aPATRY$b90$c20040406$lUSA01$h1744 979 $aCOPAT4$b90$c20050527$lUSA01$h1434 996 $aPartie historique de la philosophie sociale$9933789 997 $aUNISA LEADER 02553nam 2200565 a 450 001 9910460119303321 005 20200520144314.0 010 $a1-78268-255-4 010 $a1-282-96579-4 010 $a9786612965791 010 $a1-935281-39-9 035 $a(CKB)2670000000067446 035 $a(EBL)647694 035 $a(OCoLC)700706404 035 $a(SSID)ssj0000467508 035 $a(PQKBManifestationID)12124019 035 $a(PQKBTitleCode)TC0000467508 035 $a(PQKBWorkID)10489238 035 $a(PQKB)10074836 035 $a(MiAaPQ)EBC647694 035 $a(Au-PeEL)EBL647694 035 $a(CaPaEBR)ebr10442263 035 $a(CaONFJC)MIL296579 035 $a(EXLCZ)992670000000067446 100 $a20100611d2011 uy 0 101 0 $aeng 135 $aur|n|---||||| 181 $ctxt 182 $cc 183 $acr 200 10$aCardiac rhythm devices$b[electronic resource] $ea case-based approach to management /$fMehdi Razavi ... [et al.] 210 $aNew York $cDemos Medical$d2011 215 $a1 online resource (194 p.) 300 $aDescription based upon print version of record. 311 $a1-933864-67-2 320 $aIncludes bibliographical references and index. 327 $aBiventricular Device Troubleshooting; Case Series 1 Biventricular Device Troubleshooting; Case Series 2; Case Series 3; Case Series 4; Case Series 5; Case 6 Analysis of Tracings during Device Interrogation in a Patient with a Biventricular Implantab; Case 7 Fusion and Pseudofusion; Case 8 Multiple Leads on Chest Radiography 330 $aThe rapid pace of device development and complexity in applications along with a lack of concise, problem-oriented references has made it difficult for non-electrophysiologists to confidently manage patients with implanted cardiac rhythm devices (ICRDs). Cardiac Rhythm Devices: A Case-Based Approach to Management provides a practical, problem-oriented, and case-based guide to assist in troubleshooting and management of the common complications of ICRDs. Readers will gain fundamental understanding of the applications and clinical indications, procedural techniques, pre- and post-procedure manag 606 $aCardiac pacing$vCase studies 608 $aElectronic books. 615 0$aCardiac pacing 676 $a617.4/120645 700 $aRazavi$b Mehdi$cM.D.$01041165 801 0$bMiAaPQ 801 1$bMiAaPQ 801 2$bMiAaPQ 906 $aBOOK 912 $a9910460119303321 996 $aCardiac rhythm devices$92464506 997 $aUNINA